00526 2200193 4500001002100000005001500021035002000036007000300056008004100059020002100100082000800121084001400129100003200143245007200175250001000247260003000257300003600287990000900323INLIS00000000000257420260508084549 a0010-0526000001ta260508 g 0 ind  a978-979002-555-4 a636 a636 MOH s0 aMohammad Agus Setiadi, dkk.1 aSapi dari Hulu ke Hilir dan Info Mancanegara /cTim Penulis Agriflo acet.1 aJakarta :bAgriFlo,c2012 aiv + 200 hlm. :bilus. ;c22 cm a5006